00783nam a2200265 a 450000100060000000300090000600500170001500800410003201500210007302000180009404000280011204100080014004300180014808200160016610000250018224500950020725000370030226000370033930000210037650000290039765000150042665000230044170000400046485200130050425241CO-ViMGA20230915232048.0141112s2004 ck r 000 u spa d ack - 2010 - xxxx a9789587099904 aCO-ViMGAbspacCO-ViMGA aspa as - ck - - - 04a365.6 B33h1 aBedoya Lima, Jineth.10aTe hablo desde la prisión : bdonde se huele y respira la muerte / cJineth Bedoya Lima. aEdición Leonardo Archila Ruiz. aBogotá : bIntermedio, c2010. a256 p. ; 22 cm. aGlosario : p. 235 - 256.14aCrónicas14aPresos - Colombia 1 aArchila Ruiz, Leonardo Alfredo, ed. 17.648.30